00230nam a2200097Ia 4500008004000000082001300040100002100053245002300074260002700097300000800124210210b1974 xxu||||| |||| 00| 0 eng d a158 MALP aMALTZ (Maxwell). aPsychocybernetics. aNYbBantam booksc1974 a245